Female Marvel Heroes by Picture #8 - Statistics

General Stats
  • This quiz has been taken 20 times
  • The average score is 9 of 16
Answer Stats
Picture Answer % Correct
Arana
89%
Madame Web
89%
Quake
89%
Red She-Hulk
84%
She-Thing
84%
Colleen Wing
63%
American Dream
58%
SP//dr
58%
Lady Fantomex
47%
Miss Thing
47%
Nocturne
47%
Thena
47%
U-Go Girl
47%
Singularity
42%
Loa
21%
Sunfire
21%
No matching quizzes found
Score Distribution
Percent of People with Each Score
Percentile by Number Answered
Your Score History
You have not taken this quiz